书目信息 |
| 题名: |
香蕉为什么是弯的?
|
|
| 作者: | 米勒-米夏埃利斯 著 ;王浣倩 译 | |
| 分册: | ||
| 出版信息: | 北京 新华出版社 2002.6 |
|
| 页数: | 177页 | |
| 开本: | 23cm | |
| 丛书名: | ||
| 单 册: | ||
| 中图分类: | Z228.1 | |
| 科图分类: | ||
| 主题词: | 科学知识--儿童读物 | |
| 电子资源: | ||
| ISBN: | 7-5011-5704-9 | |
| 000 | 01491nam0 2200349 450 | |
| 000 | 01454nam0 2200337 450 | |
| 000 | 01423nam0 2200337 450 | |
| 000 | 01369nam0 2200313 450 | |
| 000 | 01398nam0 2200301 450 | |
| 000 | 01361nam0 2200289 45 | |
| 001 | 0000659017 | |
| 005 | 20070112090712.42 | |
| 010 | @a7-5011-5704-9@dCNY20.00 | |
| 100 | @a20060829d2002 ekmy0chiy0120 ea | |
| 101 | 1 | @achi@cger |
| 102 | @aCN@b110000 | |
| 105 | @aa z 000yy | |
| 200 | 1 | @a香蕉为什么是弯的?@AXiang Jiao Wei Shen Me Shi Wan De ?@e孩子们经常问的 100 个有趣的问题及其答案@EHai Zi Men Jing Chang Wen De 100 Ge You Qu De Wen Ti Ji Qi Da An@f(德)马蒂亚斯·米勒-米夏埃利斯著@F( De ) Ma Di Ya Si· Mi Le - Mi Xia Ai Li Si Zhu@g王浣倩译@g丹尼插图 |
| 210 | @a北京@c新华出版社@d2002.6 | |
| 215 | @a177页@c图@d23cm | |
| 312 | @a本书有德文题名。 | |
| 330 | @a本书包括:人生出来就有两个耳朵;从恐龙到蚂蚁——大大小小的动物;沿着太空飞船行驶的轨道;各种各样的导线和点亮的灯泡等内容。 | |
| 333 | @a读者对象:一般读者。 | |
| 517 | 1 | @a孩子们经常问的100个有趣的问题及其答案@AHai Zi Men Jing Chang Wen De 100 Ge You Qu De Wen Ti Ji Qi Da An |
| 606 | @a科学知识@x儿童读物 | |
| 690 | @aZ228.1@v4 | |
| 701 | 1 | @a米勒-米夏埃利斯@AMi Le - Mi Xia Ai Li Si@b马蒂亚斯@4著 |
| 702 | 0 | @a王浣倩@AWang Huan Qian@4译 |
| 801 | 0 | @aCN@b中图数据@c20070112 |
| 905 | @a10447@dZ228.1@e172 | |
| 香蕉为什么是弯的?:孩子们经常问的 100 个有趣的问题及其答案/(德)马蒂亚斯·米勒-米夏埃利斯著/王浣倩译/丹尼插图.-北京:新华出版社,2002.6 |
| 177页:图;23cm |
| 使用对象:读者对象:一般读者。 |
| ISBN 7-5011-5704-9:CNY20.00 |
| 本书包括:人生出来就有两个耳朵;从恐龙到蚂蚁——大大小小的动物;沿着太空飞船行驶的轨道;各种各样的导线和点亮的灯泡等内容。 |
| ● |
| 相关链接 |
|
|
|
|
正题名:香蕉为什么是弯的?
索取号:Z228.1/172
 
预约/预借
| 序号 | 登录号 | 条形码 | 馆藏地/架位号 | 状态 | 备注 |
| 1 | 0611059 | 206110590 | 第二样本阅览室/ [索取号:Z228.1/172] | 在馆 | |
| 2 | 0611060 | 206110607 | 第三借阅区/ [索取号:Z228.1/172] | 在馆 | |
| 3 | 0611061 | 206110616 | 第三借阅区/ [索取号:Z228.1/172] | 在馆 | |
| 4 | 0611062 | 206110625 | 第三借阅区/ [索取号:Z228.1/172] | 在馆 | |
| 5 | 0611063 | 206110634 | 第三借阅区/ [索取号:Z228.1/172] | 在馆 | |
| 6 | 0611064 | 206110643 | 第三借阅区/ [索取号:Z228.1/172] | 在馆 |